Bytový dom

Salvato in:
Dettagli Bibliografici
Autore principale: Hoti, Albert (Autore)
Altri autori: Palko, Milan (Relatore della tesi)
Natura: Manoscritto Libro
Lingua:slovacco
Pubblicazione: 2025
Soggetti:
Accesso online:http://is.stuba.sk/zp/portal_zp.pl?podrobnosti=167929
CRZP
Tags: Aggiungi Tag
Nessun Tag, puoi essere il primo ad aggiungerne!!

MARC

LEADER 00000ntm a22000003a 4500
001 stuzp104369
003 SK-STU
005 20250724105954.4
007 ta
008 150427s2015----xo-----f-mn---000-0-slo-d
040 |a STU  |b slo 
041 0 |a slo 
100 1 |a Hoti, Albert  |u 010180  |4 aut  |U SvF Stavebná fakulta  |T SvF Katedra konštrukcií pozemných stavieb  |X 114680  |U V180  |Y 18  |7 114680 
242 0 1 |a Residential building  |y eng 
245 1 0 |a Bytový dom 
260 |c 2025 
650 4 |a Bytový dom  |2 slo 
650 4 |a Projekt na realizáciu stavby  |2 slo 
650 4 |a Novostavba  |2 slo 
650 4 |a New-building  |2 eng 
650 4 |a Apartment building  |2 eng 
650 4 |a Project for building realization  |2 eng 
700 1 |a Palko, Milan  |u 010180  |k Z1  |4 ths  |U SvF Stavebná fakulta  |T SvF Katedra konštrukcií pozemných stavieb  |X 2552  |U V180  |Y 18  |7 A000002552 
856 4 |u http://is.stuba.sk/zp/portal_zp.pl?podrobnosti=167929 
856 4 |u https://opac.crzp.sk/?fn=detailBiblioForm&sid=EE8AF2E76B4BE2A865ABC993824A  |z CRZP